| 000 | 01136cam a22003257a 4500 | ||
|---|---|---|---|
| 001 | 14828834 | ||
| 003 | OSt | ||
| 005 | 20251003020003.0 | ||
| 008 | 070430s2007 enka bf 001 0 eng d | ||
| 010 | _a 2007274300 | ||
| 015 |
_aGBA655497 _2bnb |
||
| 016 | 7 |
_a013494562 _2Uk |
|
| 020 | _a0443074011 | ||
| 035 | _a(OCoLC)ocm70173202 | ||
| 040 |
_aUKM _cUKM _dBWKUK _dBAKER _dOCLCQ _dYDXCP _dIXA _dDLC |
||
| 042 | _alccopycat | ||
| 082 |
_aWY 159 _bT314a 2006 |
||
| 100 |
_aGlasper, E Alan _911836 |
||
| 245 | 0 | 0 |
_aA Textbook of children's and young people's nursing / _c E Alan Glasper, Jim Richardson. |
| 246 | 3 | 0 | _aHandbook of children's and young people's nursing |
| 246 | 3 | 0 | _aChildren's and young people's nursing |
| 260 |
_aEdinburgh _bChurchill Livinstone _c2006. |
||
| 300 |
_axvi, 823p. : _bill. ; _c19 cm. |
||
| 504 | _aIncludes bibliographical references and index. | ||
| 650 | 0 |
_aPediatric nursing _vHandbooks, manuals, etc. _911837 |
|
| 700 |
_aRichardson, Jim _911838 |
||
| 906 |
_a7 _bcbc _ccopycat _d2 _encip _f20 _gy-gencatlg |
||
| 942 |
_2z _cO_SHELF _01 |
||
| 999 |
_c5684 _d5684 |
||